000 00791nam a2200181Ia 4500
008 151202s9999||||xx |||||||||||||| ||und||
082 _bPNVM-62842
100 _aचेस जेम्स हॅडली अनु. हुद्दार मुकर.
245 _aकोरल कोव्हचं रहस्य.
260 _b"गीता एजंन्सीज,पुणे."
260 _c62842
300 _a181
600 _aचेस जेम्स हॅडली अनु. हुद्दार मुकर.
630 _aकोरल कोव्हचं रहस्य.
700 _aचेस जेम्स हॅडली अनु. हुद्दार मुकर.
730 _aकोरल कोव्हचं रहस्य.
942 _cBOOK
999 _c1329376
_d1329373